Normal view
MARC view
Entry Personal Name
001 - CONTROL NUMBER
- control field: 26702
003 - CONTROL NUMBER IDENTIFIER
- control field: dpl
005 - DATE AND TIME OF LATEST TRANSACTION
- control field: 20110321114358.0
008 - FIXED-LENGTH DATA ELEMENTS
- fixed length control field: 110321|||a|||||| | ||| d
040 ## - CATALOGING SOURCE
- Original cataloging agency: dpl
- Transcribing agency: dpl
100 ## - HEADING--PERSONAL NAME
- Personal name: त्रिपाठी, राधावल्लभ
670 ## - SOURCE DATA FOUND
- Source citation: Work cat.: (dpl)51134: 26640, संस्कृत साहित्य सौरभ /, 2010
670 ## - SOURCE DATA FOUND
- Source citation: Work cat.: (dpl)51134: 26640, संस्कृत साहित्य सौरभ /, 2010
